[Event "GER Ch women"]
[Site "GER"]
[Date "1993.??.??"]
[Round "?"]
[White "Olbrich, Marina"]
[Black "Bakalarz, Grazyna"]
[Result "1-0"]
[WhiteElo "2245"]
[BlackElo "2055"]
[PlyCount "97"]
[EventDate "1993.??.??"]
[Source "www.chesslib.no"]
[SourceDate "2004.05.04"]

1. d4 Nf6 2. Nf3 g6 3. c4 Bg7 4. Nc3 d5 5. Qb3 dxc4 6. Qxc4 O-O 7. e4 c6 8. Qb3 Qb6 9. Bc4 Qxb3 10. Bxb3 Na6 11. e5 Nd7 12. Bg5 e6 13. O-O-O h6 14. Be7 Re8 15. Bd6 Nb6 16. Kb1 Bd7 17. Ne4 Nd5 18. h4 Nac7 19. h5 g5 20. Nfxg5 hxg5 21. h6 Bh8 22. h7+ Kg7 23. Nf6 Nxf6 24. exf6+ Kxf6 25. Bxc7 Ke7 26. Rh5 Rac8 27. Ba5 b6 28. Bb4+ c5 29. dxc5 bxc5 30. Ba3 f6 31. Rc1 Kf7 32. Bxc5 a5 33. Rh3 Bc6 34. Bd1 Be4+ 35. Ka1 Kg7 36. Ra3 Bxg2 37. Rxa5 Kxh7 38. Bc2+ Kh6 39. Rg1 Ra8 40. Ra4 Rxa4 41. Bxa4 Rc8 42. Rxg2 Rxc5 43. Rh2+ Kg6 44. Be8+ Kf5 45. b4 Rc2 46. Rxh8 Rxf2 47. b5 g4 48. b6 g3 49. Bc6 1-0

[Event "Neckar op 1st"]
[Site "Deizisau"]
[Date "1997.??.??"]
[Round "1"]
[White "Schwarz, Arnd Ruediger"]
[Black "Konopka, Michal"]
[Result "0-1"]
[WhiteElo "1875"]
[BlackElo "2415"]
[PlyCount "48"]
[EventDate "1997.??.??"]
[Source "www.chesslib.no"]
[SourceDate "2004.05.04"]

1. d4 Nf6 2. c4 g6 3. Nf3 d5 4. Nc3 Bg7 5. Qb3 dxc4 6. Qxc4 O-O 7. e4 c6 8. Qb3 e5 9. Bg5 exd4 10. O-O-O Qe8 11. Bxf6 Bxf6 12. Nxd4 Nd7 13. Be2 a5 14. Qc2 Nc5 15. h4 a4 16. h5 a3 17. hxg6 axb2+ 18. Kb1 hxg6 19. Bc4 Ne6 20. Nf3 b5 21. Bb3 Nc5 22. Nd5 cxd5 23. Qxc5 Qxe4+ 24. Bc2 Bf5 0-1

[Event "Matra Cup"]
[Site "?"]
[Date "2002.03.28"]
[Round "2"]
[White "Restas Peter"]
[Black "Olah Sandor"]
[Result "1-0"]
[WhiteElo "2241"]
[BlackElo "2035"]
[PlyCount "77"]
[EventDate "2002.??.??"]
[Source "www.chesslib.no"]
[SourceDate "2004.05.04"]

1. d4 Nf6 2. Nf3 g6 3. c4 Bg7 4. Nc3 d5 5. Qb3 dxc4 6. Qxc4 O-O 7. e4 c6 8. Qb3 Qc7 9. Be2 Bg4 10. Be3 Nbd7 11. Rc1 Qa5 12. O-O b5 13. h3 b4 14. hxg4 bxc3 15. Qxc3 Qxc3 16. Rxc3 c5 17. dxc5 Nxg4 18. Bd4 e5 19. Be3 Nxe3 20. fxe3 Bh6 21. b4 Nf6 22. Nxe5 Nxe4 23. Ra3 Ng3 24. Rf2 Nxe2+ 25. Rxe2 Rfe8 26. Nc4 Re4 27. Rc3 Rb8 28. a3 Bg7 29. Rcc2 Be5 30. Nxe5 Rxe5 31. Rc3 Kf8 32. Rb2 Ke7 33. b5 Kd7 34. a4 Re4 35. a5 Ra4 36. c6+ Kc8 37. c7 Rb7 38. b6 Rxa5 39. Rd2 1-0

[Event "Germany"]
[Site "?"]
[Date "2001.??.??"]
[Round "?"]
[White "Wagner Ralf"]
[Black "Kopylova Lyubov"]
[Result "1/2-1/2"]
[WhiteElo "2095"]
[BlackElo "2180"]
[PlyCount "83"]
[EventDate "2001.??.??"]
[Source "www.chesslib.no"]
[SourceDate "2004.05.04"]

1. Nf3 Nf6 2. d4 g6 3. c4 Bg7 4. Nc3 d5 5. Qb3 dxc4 6. Qxc4 O-O 7. e4 c6 8. Qb3 Nbd7 9. Be2 Nb6 10. Qc2 Bg4 11. Be3 Bxf3 12. gxf3 Qb8 13. O-O-O Rd8 14. f4 e6 15. h4 Ne8 16. h5 Nd6 17. hxg6 hxg6 18. Bd3 Ndc4 19. Bxc4 Nxc4 20. f5 Nxe3 21. fxe3 exf5 22. exf5 Qg3 23. fxg6 Qxe3+ 24. Kb1 Rxd4 25. gxf7+ Kf8 26. Rxd4 Qxd4 27. Rd1 Qf6 28. Ne4 Qxf7 29. Ng5 Qh5 30. Rf1+ Kg8 31. Qc4+ Kh8 32. Nf7+ Kh7 33. Qe4+ Kg8 34. Nd6 Rd8 35. Rh1 Qxh1+ 36. Qxh1 Rxd6 37. Kc2 Rd5 38. Qe4 Rc5+ 39. Kd3 Rd5+ 40. Kc2 Rc5+ 41. Kd3 Rd5+ 42. Kc2 1/2-1/2

[Event "Coca Cola op"]
[Site "Olanesti"]
[Date "1997.??.??"]
[Round "8"]
[White "Ignat, Diana"]
[Black "Caravan, Mariana"]
[Result "1-0"]
[WhiteElo "2080"]
[BlackElo "2170"]
[PlyCount "109"]
[EventDate "1997.11.??"]
[Source "www.chesslib.no"]
[SourceDate "2004.05.04"]

1. d4 Nf6 2. c4 g6 3. Nc3 d5 4. Nf3 Bg7 5. Qb3 dxc4 6. Qxc4 O-O 7. e4 c6 8. Be2 Nbd7 9. O-O Nb6 10. Qb3 Be6 11. Qc2 Rc8 12. Rd1 Bc4 13. Bxc4 Nxc4 14. Qe2 b5 15. b3 Nb6 16. a3 Qc7 17. Bb2 a6 18. Rac1 Qb8 19. Na2 Rfd8 20. Nb4 Qb7 21. Ne5 Rd6 22. Ned3 a5 23. e5 axb4 24. exd6 exd6 25. Nxb4 Nbd5 26. Nxd5 Nxd5 27. Qd2 Qd7 28. Re1 h5 29. Qg5 Kh7 30. Rcd1 Bf6 31. Qd2 Qg4 32. Bc1 Bg7 33. f3 Qf5 34. Qd3 Qxd3 35. Rxd3 Bh6 36. Bxh6 Kxh6 37. Rc1 Kg7 38. Rd2 Kf6 39. Rdc2 Ne7 40. d5 Nxd5 41. Rxc6 Rxc6 42. Rxc6 Ke5 43. Kf2 h4 44. a4 bxa4 45. bxa4 Nb4 46. Rb6 Nd3+ 47. Ke3 Nf4 48. Rb5+ d5 49. g3 hxg3 50. hxg3 Ne6 51. a5 Kd6 52. a6 Nc7 53. Ra5 Kc6 54. a7 Kb7 55. Kd4 1-0

[Event "AUS Ch"]
[Site "Gosford"]
[Date "1987.12.28"]
[Round "1.9"]
[White "Reilly, Tim"]
[Black "Voon, Richard"]
[Result "1-0"]
[WhiteElo "2235"]
[BlackElo "2010"]
[PlyCount "97"]
[EventDate "1987.??.??"]
[Source "www.chesslib.no"]
[SourceDate "2004.05.04"]

1. d4 Nf6 2. c4 g6 3. Nc3 d5 4. Nf3 Bg7 5. Qb3 dxc4 6. Qxc4 O-O 7. e4 c6 8. Bf4 Nbd7 9. Be2 Nb6 10. Qb3 Bg4 11. Rd1 Be6 12. Qc2 Nh5 13. Bc1 Nf6 14. O-O Rc8 15. Rfe1 Qc7 16. g3 Bc4 17. Bf4 Qd8 18. Bxc4 Nxc4 19. Qb3 Na5 20. Qb4 h6 21. d5 c5 22. Qa4 a6 23. d6 e6 24. d7 Ra8 25. Bd6 b5 26. Qc2 Nxd7 27. Bxf8 Bxf8 28. Qd3 Ra7 29. Ne5 Nc4 30. Nc6 Qb6 31. Nxa7 Nde5 32. Nc8 Qa5 33. Qe2 Qc7 34. b3 Na3 35. Kg2 Qxc8 36. Qb2 b4 37. Nd5 exd5 38. Qxe5 dxe4 39. Qxe4 Nb5 40. Qc4 Nc3 41. Rd3 Qc6+ 42. Rf3 Qb7 43. Re8 Kg7 44. Qf4 Nxa2 45. Qf6+ Kg8 46. Qd8 h5 47. Rxf8+ Kg7 48. Rg8+ Kh6 49. Rh8+ 1-0

[Event "Serpukhov (Russia)"]
[Site "?"]
[Date "2001.??.??"]
[Round "9"]
[White "Komarishkina Julia"]
[Black "Fomkina Maria"]
[Result "1-0"]
[WhiteElo "2118"]
[BlackElo "2117"]
[PlyCount "55"]
[EventDate "2001.??.??"]
[Source "www.chesslib.no"]
[SourceDate "2004.05.04"]

1. d4 Nf6 2. c4 g6 3. Nc3 d5 4. Nf3 Bg7 5. Qb3 dxc4 6. Qxc4 O-O 7. e4 c6 8. Qd3 Bg4 9. Be2 Nbd7 10. O-O c5 11. d5 Rc8 12. Qc2 a6 13. a4 Qc7 14. h3 Bxf3 15. Bxf3 Ne5 16. Be2 c4 17. Be3 Ned7 18. f4 Nc5 19. e5 Nb3 20. exf6 Nxa1 21. Rxa1 Bxf6 22. a5 h5 23. Qe4 Rfe8 24. Ra4 e6 25. Rxc4 Qxa5 26. dxe6 Rxc4 27. exf7+ Kxf7 28. Bxc4+ 1-0

[Event "POL-chT2 U18"]
[Site "?"]
[Date "1996.??.??"]
[Round "?"]
[White "Szymanski Marcin"]
[Black "Kolendo Mateusz"]
[Result "1/2-1/2"]
[WhiteElo "2105"]
[BlackElo "2110"]
[PlyCount "53"]
[EventDate "1996.??.??"]
[Source "www.chesslib.no"]
[SourceDate "2004.05.04"]

1. d4 Nf6 2. c4 g6 3. Nc3 d5 4. Nf3 Bg7 5. Qb3 dxc4 6. Qxc4 O-O 7. e4 c6 8. h3 Nbd7 9. Qb3 Qa5 10. Bd2 e5 11. d5 cxd5 12. Nxd5 Qd8 13. Bg5 Nc5 14. Bxf6 Nxb3 15. Bxd8 Nxa1 16. Be7 Re8 17. Bb5 Be6 18. Bxe8 Rxe8 19. Nf6+ Bxf6 20. Bxf6 Bxa2 21. O-O Nb3 22. Bxe5 Nd2 23. Nxd2 Rxe5 24. Ra1 Be6 25. Rxa7 Rb5 26. b3 Bxb3 27. Nxb3 1/2-1/2

[Event "Tenerife-ch prel"]
[Site "?"]
[Date "2001.??.??"]
[Round "5"]
[White "Duran Sampedroo David"]
[Black "Alvarez Diaz Victor Alfonso"]
[Result "0-1"]
[WhiteElo "2003"]
[BlackElo "2179"]
[PlyCount "76"]
[EventDate "2001.??.??"]
[Source "www.chesslib.no"]
[SourceDate "2004.05.04"]

1. d4 Nf6 2. c4 g6 3. Nc3 d5 4. Qb3 dxc4 5. Qxc4 Bg7 6. e4 O-O 7. Nf3 c6 8. Bf4 Be6 9. Qd3 Qb6 10. Qd2 Na6 11. h3 Nh5 12. Be3 Qa5 13. Be2 Rad8 14. O-O Rfe8 15. Rfd1 Bc8 16. Rac1 e5 17. d5 Nc7 18. Qc2 cxd5 19. exd5 Nxd5 20. Nxd5 Rxd5 21. Rxd5 Qxd5 22. Qxc8 Rxc8 23. Rxc8+ Bf8 24. Bc5 Nf4 25. Bb5 Ne6 26. Bxf8 Nxf8 27. Bc4 Qd7 28. Ra8 Qc7 29. Bb3 e4 30. Nd4 a6 31. g3 Kg7 32. Kg2 Qd6 33. Ne2 Ne6 34. Nc3 Qd3 35. Nd5 Qf3+ 36. Kg1 Nd4 37. Bc4 Qd1+ 38. Kg2 Nf3 0-1

[Event "Szekszard Open"]
[Site "Szekszard"]
[Date "1995.??.??"]
[Round "?"]
[White "Blaho, Gyula"]
[Black "Solti, Laszlo"]
[Result "0-1"]
[WhiteElo "2140"]
[BlackElo "2025"]
[PlyCount "42"]
[EventDate "1995.??.??"]
[Source "www.chesslib.no"]
[SourceDate "2004.05.04"]

1. d4 Nf6 2. Nf3 g6 3. c4 Bg7 4. Nc3 d5 5. Qb3 dxc4 6. Qxc4 O-O 7. e4 c6 8. Qb3 Nfd7 9. Be3 Qb6 10. Qc2 Qa5 11. a3 Na6 12. Qc1 e5 13. b4 Qd8 14. d5 cxd5 15. Nxd5 Nf6 16. Bg5 Be6 17. Nxf6+ Bxf6 18. Bxf6 Qxf6 19. Bxa6 bxa6 20. O-O Bg4 21. Ne1 Be2 0-1

[Event "Buchholz op 2nd"]
[Site "?"]
[Date "2000.06.10"]
[Round "3.4"]
[White "Richter Christian"]
[Black "Grosse Honebrink Brigitte"]
[Result "1-0"]
[WhiteElo "2134"]
[BlackElo "2008"]
[PlyCount "47"]
[EventDate "2000.??.??"]
[Source "www.chesslib.no"]
[SourceDate "2004.05.04"]

1. d4 Nf6 2. c4 g6 3. Nc3 d5 4. Nf3 Bg7 5. Qb3 dxc4 6. Qxc4 O-O 7. e4 c6 8. Qb3 b6 9. Bf4 Bb7 10. Be2 e6 11. Rd1 Nh5 12. Be3 Nd7 13. e5 Bh8 14. Bh6 Re8 15. Ne4 Nf8 16. Nfg5 Bg7 17. Bxg7 Kxg7 18. Bxh5 gxh5 19. Qf3 Qe7 20. Nd6 Red8 21. Ngxf7 Rd7 22. Qxh5 Ng6 23. h4 Qf8 24. Ng5 1-0

[Event "Budva"]
[Site "?"]
[Date "2002.??.??"]
[Round "?"]
[White "Djukic Sandra"]
[Black "Masovic Slobodanka"]
[Result "1-0"]
[WhiteElo "2035"]
[BlackElo "2100"]
[PlyCount "53"]
[EventDate "2002.??.??"]
[Source "www.chesslib.no"]
[SourceDate "2004.05.04"]

1. d4 Nf6 2. c4 g6 3. Nc3 d5 4. Nf3 Bg7 5. Qb3 dxc4 6. Qxc4 O-O 7. e4 c6 8. Be2 Na6 9. O-O Nc7 10. h3 Nd7 11. Bg5 Ne6 12. Be3 Nc7 13. Rfd1 Qe8 14. a4 Na6 15. Rac1 Nf6 16. b4 Be6 17. d5 cxd5 18. exd5 Bf5 19. Qb3 Qd8 20. g4 Be4 21. Ng5 Bf5 22. gxf5 gxf5 23. Bd3 h6 24. Nf3 Qd7 25. Bb5 Qd6 26. Bxa6 bxa6 27. Bc5 1-0

[Event "Texas op"]
[Site "San Antonio"]
[Date "1997.??.??"]
[Round "2"]
[White "Anderson, Selby K"]
[Black "Vasquez, Jesse"]
[Result "1-0"]
[WhiteElo "2325"]
[BlackElo "1775"]
[PlyCount "79"]
[EventDate "1997.??.??"]
[Source "www.chesslib.no"]
[SourceDate "2004.05.04"]

1. d4 Nf6 2. c4 g6 3. Nc3 d5 4. Nf3 Bg7 5. Qb3 dxc4 6. Qxc4 O-O 7. e4 c6 8. Qb3 b5 9. e5 Be6 10. Qd1 Nd5 11. Ne4 Nd7 12. Nfg5 Bf5 13. g4 Bxe4 14. Nxe4 Qb6 15. Bg2 Rfd8 16. O-O Rac8 17. a4 a5 18. axb5 c5 19. Ng5 Nf8 20. Bxd5 Rxd5 21. Qf3 Rxd4 22. Qxf7+ Kh8 23. Qf3 Kg8 24. Be3 Rb4 25. Qf7+ Kh8 26. Qxe7 Rxg4+ 27. Kh1 Rc7 28. Qd6 Qb7+ 29. f3 Rh4 30. Rxa5 Re7 31. Ra8 Rxh2+ 32. Kxh2 Bxe5+ 33. Qxe5+ Rxe5 34. Rxf8+ Kg7 35. Rf7+ Qxf7 36. Nxf7 Rxe3 37. Nd6 Re2+ 38. Kg3 Rxb2 39. Rc1 Re2 40. Ne4 1-0

[Event "Parsvnath ch-Commonwealth"]
[Site "New Delhi IND"]
[Date "2007.12.05"]
[Round "4"]
[White "Swayams, M."]
[Black "Auckland, E."]
[Result "1-0"]
[WhiteElo "2187"]
[BlackElo "1910"]
[PlyCount "71"]
[EventDate "2007.12.03"]
[Source "www.chesslib.no"]
[SourceDate "2004.05.04"]

1. d4 Nf6 2. c4 g6 3. Nc3 d5 4. Nf3 Bg7 5. Qb3 dxc4 6. Qxc4 O-O 7. e4 c6 8. Be3 Be6 9. Qd3 h6 10. Qd2 Kh7 11. Bd3 Nbd7 12. h4 Nh5 13. e5 Nb6 14. Qe2 Kg8 15. Qd2 Kh7 16. Nh2 Qc8 17. Qe2 f5 18. exf6 Nxf6 19. h5 Bf5 20. hxg6+ Bxg6 21. Bxg6+ Kxg6 22. Nf3 Nbd7 23. Qd3+ Kf7 24. Bxh6 Bxh6 25. Rxh6 Rg8 26. g3 Qf8 27. Rh4 Qg7 28. O-O-O Qg6 29. Qc4+ Kf8 30. Re1 Re8 31. Rf4 Qf7 32. Qd3 Rd8 33. Qe3 b5 34. Ne5 Qg7 35. Ng6+ Ke8 36. Qxe7+ 1-0

[Event "Pinneberg-ch"]
[Site "?"]
[Date "2003.08.28"]
[Round "3"]
[White "Schroeder Raymond"]
[Black "Ditze Thomas"]
[Result "1-0"]
[WhiteElo "2075"]
[BlackElo "2017"]
[PlyCount "37"]
[EventDate "2003.??.??"]
[Source "www.chesslib.no"]
[SourceDate "2004.05.04"]

1. d4 Nf6 2. c4 g6 3. Nc3 d5 4. Nf3 Bg7 5. Qb3 dxc4 6. Qxc4 O-O 7. e4 c6 8. Be2 Nbd7 9. O-O Nb6 10. Qb3 Be6 11. Qc2 h6 12. Rd1 Qc8 13. Be3 Rd8 14. Rac1 Bc4 15. Ne5 Bxe2 16. Qxe2 Qe6 17. f3 Nfd7 18. Nd3 Nc4 19. Nf4 1-0

[Event "Budapest HUN"]
[Site "?"]
[Date "2003.10.15"]
[Round "12"]
[White "Bodrogi Laszlo"]
[Black "Ruszin Rita"]
[Result "1-0"]
[WhiteElo "2069"]
[BlackElo "2002"]
[PlyCount "49"]
[EventDate "2003.??.??"]
[Source "www.chesslib.no"]
[SourceDate "2004.05.04"]

1. d4 Nf6 2. c4 g6 3. Nc3 d5 4. Nf3 Bg7 5. Qb3 dxc4 6. Qxc4 O-O 7. e4 c6 8. Qb3 Qb6 9. Bc4 Bg4 10. Be3 Bxf3 11. gxf3 Nbd7 12. Qxb6 Nxb6 13. Bb3 Rac8 14. Ke2 Nfd7 15. e5 c5 16. e6 cxd4 17. exd7 Nxd7 18. Rad1 e5 19. Nd5 Rfe8 20. Bg5 Kh8 21. Ba4 d3+ 22. Rxd3 Nc5 23. Bxe8 Nxd3 24. Kxd3 Rxe8 25. Rc1 1-0

[Event "Corr"]
[Site "?"]
[Date "1997.07.20"]
[Round "?"]
[White "Saunders Stephen"]
[Black "Scarani Antonio"]
[Result "1/2-1/2"]
[WhiteElo "1983"]
[BlackElo "2064"]
[PlyCount "99"]
[EventDate "1997.??.??"]
[Source "www.chesslib.no"]
[SourceDate "2004.05.04"]

1. d4 Nf6 2. c4 g6 3. Nc3 d5 4. Nf3 Bg7 5. Qb3 dxc4 6. Qxc4 O-O 7. e4 c6 8. Qb3 e5 9. dxe5 Ng4 10. Be2 Qb6 11. O-O Qxb3 12. axb3 Nxe5 13. Nxe5 Bxe5 14. Be3 a6 15. f4 Bg7 16. Rfd1 Re8 17. Bf3 Be6 18. b4 Nd7 19. e5 f6 20. Ne4 fxe5 21. Nd6 Reb8 22. Nxb7 exf4 23. Bxf4 Rxb7 24. Bxc6 Rf8 25. Bd6 Ra7 26. Bxf8 Bxf8 27. b5 Bc5+ 28. Kf1 Bc4+ 29. Ke1 Nf6 30. Rxa6 Rxa6 31. bxa6 Bb4+ 32. Kf2 Bxa6 33. Ra1 Ng4+ 34. Kg3 Be2 35. Bf3 Bxf3 36. Kxf3 Nxh2+ 37. Kg3 Bd6+ 38. Kh3 g5 39. Rd1 Be5 40. Rd5 g4+ 41. Kh4 Bxb2 42. Kg3 Nf1+ 43. Kf2 Nh2 44. Kg1 g3 45. Rg5+ Kf7 46. Rxg3 Be5 47. Kxh2 Kf6 48. Kh3 Bxg3 49. Kxg3 Kg5 50. Kh3 1/2-1/2